[Event "BAN-chB 44th"]
[Site "Dhaka"]
[Date "2018.11.15"]
[Round "4"]
[White "Noman, Kh Shibli"]
[Black "Ahmed, Shafiq"]
[Result "0-1"]
[WhiteElo "1920"]
[BlackElo "2152"]
[PlyCount "29"]
[EventDate "2018.11.13"]
[EventType "swiss"]
[EventRounds "9"]
[EventCountry "BAN"]
[SourceTitle "CBM 187 Extra"]
[Source "ChessBase"]
[SourceDate "2018.11.04"]
[SourceVersion "1"]
[SourceVersionDate "2018.11.04"]
[SourceQuality "1"]

1. c4 c6 2. Nf3 d5 3. e3 Nf6 4. b3 Bf5 5. Nh4 Bg4 6. Be2 Bxe2 7. Qxe2 e5 8. Bb2 Nbd7 9. 0-0 Ne4 10. Nf3 f6 11. cxd5 cxd5 12. Qb5 Nec5 13. d4 a6 14. Qe2 exd4 15. exd4+ 0-1